000 00783nam a2200229Ia 4500
001 10817
003 GE_BSU
008 181216s||||||||xx |||||||||||||| ||und||
040 _cGE_BSU
080 _a63(031)
245 _aСельскохозяйственная энциклопедия
245 _bТ,3.Клетка-Молоко
245 _cГЛВ.Ред.В.В.Мацкевич и П.П.Лобанов
250 _a4-е изд,перер.и доп.
260 _aМосква
260 _bСоветская Энциклопедия
260 _c1971
300 _a1184стр. илл,26см.
653 _aСельскохозяйственная энциклопедия
653 _aЭнциклопедии, Словари,Спрпвочники.
942 _cBK
999 _c44060
_d44060